<?xml version="1.0" encoding="UTF-8"?>
<record
    xmlns:xsi="http://www.w3.org/2001/XMLSchema-instance"
    xsi:schemaLocation="http://www.loc.gov/MARC21/slim http://www.loc.gov/standards/marcxml/schema/MARC21slim.xsd"
    xmlns="http://www.loc.gov/MARC21/slim">

  <leader>00384nam a2200145Ia 4500</leader>
  <controlfield tag="008">191201s2006    xx            000 0 und d</controlfield>
  <datafield tag="082" ind1=" " ind2=" ">
    <subfield code="a">005.131</subfield>
    <subfield code="b">HOI</subfield>
  </datafield>
  <datafield tag="100" ind1=" " ind2=" ">
    <subfield code="a">HOPCROFT, John E</subfield>
  </datafield>
  <datafield tag="245" ind1=" " ind2="0">
    <subfield code="a">Introduction to Automata Theory, Languages, and Computation</subfield>
  </datafield>
  <datafield tag="250" ind1=" " ind2=" ">
    <subfield code="a">2nd</subfield>
  </datafield>
  <datafield tag="260" ind1=" " ind2=" ">
    <subfield code="a">N.Delhi</subfield>
    <subfield code="b">Pearson Education</subfield>
    <subfield code="c">2006</subfield>
  </datafield>
  <datafield tag="300" ind1=" " ind2=" ">
    <subfield code="a">534</subfield>
  </datafield>
  <datafield tag="650" ind1=" " ind2=" ">
    <subfield code="a">B.Tech(IT)</subfield>
  </datafield>
  <datafield tag="942" ind1=" " ind2=" ">
    <subfield code="2">ddc</subfield>
    <subfield code="c">BK</subfield>
  </datafield>
  <datafield tag="999" ind1=" " ind2=" ">
    <subfield code="c">2922</subfield>
    <subfield code="d">2922</subfield>
  </datafield>
  <datafield tag="952" ind1=" " ind2=" ">
    <subfield code="0">0</subfield>
    <subfield code="1">0</subfield>
    <subfield code="2">ddc</subfield>
    <subfield code="4">0</subfield>
    <subfield code="7">0</subfield>
    <subfield code="8">BTECHIT</subfield>
    <subfield code="a">PIET</subfield>
    <subfield code="b">PIET</subfield>
    <subfield code="d">2007-08-20</subfield>
    <subfield code="e">J B C, New Delhi</subfield>
    <subfield code="g">310.00</subfield>
    <subfield code="k">707</subfield>
    <subfield code="l">2</subfield>
    <subfield code="o">005.131 HOI</subfield>
    <subfield code="p">6684</subfield>
    <subfield code="r">2022-10-17 00:00:00</subfield>
    <subfield code="s">2022-10-07</subfield>
    <subfield code="w">2007-07-28</subfield>
    <subfield code="y">BK</subfield>
  </datafield>
  <datafield tag="952" ind1=" " ind2=" ">
    <subfield code="0">0</subfield>
    <subfield code="1">0</subfield>
    <subfield code="2">ddc</subfield>
    <subfield code="4">0</subfield>
    <subfield code="7">0</subfield>
    <subfield code="8">BTECHIT</subfield>
    <subfield code="a">PIET</subfield>
    <subfield code="b">PIET</subfield>
    <subfield code="d">2007-08-20</subfield>
    <subfield code="e">J B C, New Delhi</subfield>
    <subfield code="g">310.00</subfield>
    <subfield code="k">707</subfield>
    <subfield code="l">4</subfield>
    <subfield code="o">005.131 HOI</subfield>
    <subfield code="p">6685</subfield>
    <subfield code="r">2025-09-22 00:00:00</subfield>
    <subfield code="s">2025-09-08</subfield>
    <subfield code="w">2007-07-28</subfield>
    <subfield code="y">BK</subfield>
  </datafield>
  <datafield tag="952" ind1=" " ind2=" ">
    <subfield code="0">0</subfield>
    <subfield code="1">0</subfield>
    <subfield code="2">ddc</subfield>
    <subfield code="4">0</subfield>
    <subfield code="7">0</subfield>
    <subfield code="8">CSEAIML</subfield>
    <subfield code="a">PIET</subfield>
    <subfield code="b">PIET</subfield>
    <subfield code="d">2007-08-20</subfield>
    <subfield code="e">J B C, New Delhi</subfield>
    <subfield code="g">310.00</subfield>
    <subfield code="k">707</subfield>
    <subfield code="l">4</subfield>
    <subfield code="o">005.131 HOI</subfield>
    <subfield code="p">6686</subfield>
    <subfield code="r">2024-03-05 00:00:00</subfield>
    <subfield code="s">2024-02-21</subfield>
    <subfield code="w">2007-07-28</subfield>
    <subfield code="y">BK</subfield>
  </datafield>
  <datafield tag="952" ind1=" " ind2=" ">
    <subfield code="0">0</subfield>
    <subfield code="1">0</subfield>
    <subfield code="2">ddc</subfield>
    <subfield code="4">0</subfield>
    <subfield code="7">0</subfield>
    <subfield code="8">CSEAIML</subfield>
    <subfield code="a">PIET</subfield>
    <subfield code="b">PIET</subfield>
    <subfield code="d">2007-08-20</subfield>
    <subfield code="e">J B C, New Delhi</subfield>
    <subfield code="g">310.00</subfield>
    <subfield code="k">707</subfield>
    <subfield code="l">2</subfield>
    <subfield code="o">005.131 HOI</subfield>
    <subfield code="p">6687</subfield>
    <subfield code="r">2025-11-10 00:00:00</subfield>
    <subfield code="s">2025-11-06</subfield>
    <subfield code="w">2007-07-28</subfield>
    <subfield code="y">BK</subfield>
  </datafield>
</record>
